Study guide for Principles of macroeconomics, fifth edition / (Record no. 1805)
[ view plain ]
| 000 -LEADER | |
|---|---|
| fixed length control field | nam a22 a 4500 |
| 005 - DATE AND TIME OF LATEST TRANSACTION | |
| control field | 20170512093308.0 |
| 008 - FIXED-LENGTH DATA ELEMENTS--GENERAL INFORMATION | |
| fixed length control field | 170512b1986 enk||||| |||| 00| 0 eng d |
| 020 ## - INTERNATIONAL STANDARD BOOK NUMBER | |
| International Standard Book Number | 0393954854 |
| 040 ## - CATALOGING SOURCE | |
| Original cataloging agency | AKMAL |
| 082 ## - DEWEY DECIMAL CLASSIFICATION NUMBER | |
| Edition number | 19 |
| Classification number | 339 MAN |
| 090 ## - LOCALLY ASSIGNED LC-TYPE CALL NUMBER (OCLC); LOCAL CALL NUMBER (RLIN) | |
| Classification number (OCLC) (R) ; Classification number, CALL (RLIN) (NR) | 339 |
| Local cutter number (OCLC) ; Book number/undivided call number, CALL (RLIN) | MAN |
| 100 ## - MAIN ENTRY--PERSONAL NAME | |
| Personal name | Mansfield, Edwin. |
| 9 (RLIN) | 3560 |
| 245 ## - TITLE STATEMENT | |
| Title | Study guide for Principles of macroeconomics, fifth edition / |
| Statement of responsibility, etc. | Edwin Mansfield. |
| 260 ## - PUBLICATION, DISTRIBUTION, ETC. | |
| Place of publication, distribution, etc. | New York |
| -- | London |
| Name of publisher, distributor, etc. | Norton |
| Date of publication, distribution, etc. | c1986. |
| 300 ## - PHYSICAL DESCRIPTION | |
| Extent | viii,337p. |
| Other physical details | ill. |
| Dimensions | 26cm |
| 650 ## - SUBJECT ADDED ENTRY--TOPICAL TERM | |
| Topical term or geographic name entry element | Macroeconomics |
| General subdivision | Problems, exercises, etc. |
| 9 (RLIN) | 3731 |
| 700 ## - ADDED ENTRY--PERSONAL NAME | |
| Personal name | Mansfield, Edwin |
| 9 (RLIN) | 3560 |
| 942 ## - ADDED ENTRY ELEMENTS (KOHA) | |
| Source of classification or shelving scheme | |
| Koha item type | Book |
| Withdrawn status | Lost status | Source of classification or shelving scheme | Damaged status | Not for loan | Collection code | Home library | Current library | Shelving location | Date acquired | Inventory number | Total Checkouts | Full call number | Barcode | Date last seen | Price effective from | Koha item type |
|---|---|---|---|---|---|---|---|---|---|---|---|---|---|---|---|---|
| NON-FICTION | AKMAL Melaka | AKMAL Melaka | PINJAMAN | 12.05.2017 | 301857 | 339 MAN | 201705730 | 12.05.2017 | 12.05.2017 | Book |
